Statistics for Countries of the Oceania by Capital (Very Hard)

Click here to take the quiz!

General Stats

  • This quiz has been taken 17 times
  • The average score is 19 of 30

Answer Stats

CapitalCountry% Correct
Port MoresbyPapua New Guinea
93%
CanberraAustralia
86%
PalikirFederated States of Micronesia
86%
JakartaIndonesia
86%
TokyoJapan (Ogasawara Village)
86%
Delap / MajuroMarshall Islands
86%
WellingtonNew Zealand
86%
NgerulmudPalau
86%
WashingtonUnited States (Hawaii)
86%
Bairiki / South TarawaKiribati
79%
ApiaSamoa
79%
SantiagoChile (Juan Fernández Islands)
71%
SuvaFiji
71%
HoniaraSolomon Islands
71%
NukuʻalofaTonga
71%
Vaiaku / FunafutiTuvalu
71%
Port VilaVanuatu
71%
Pago Pago / FagatogoAmerican Samoa
57%
YarenNauru
57%
HagåtñaGuam
50%
NouméaNew Caledonia
50%
AlofiNiue
50%
Capitol Hill / SaipanNorthern Mariana Islands
50%
AvaruaCook Islands
43%
PapeeteFrench Polynesia
43%
Hanga RoaEaster Island
36%
AdamstownPitcairn Islands
36%
AtafuTokelau
36%
KingstonNorfolk Island
29%
Mata-UtuWallis and Futuna
29%

Score Distribution

Percentile by Number Answered

Percent of People with Each Score

Your Score History

You have not taken this quiz